| 000 | 00655nam a2200205 a 4500 | ||
|---|---|---|---|
| 001 | 000045400 | ||
| 005 | 20201002050130.0 | ||
| 008 | 120119s1994 sp 000 0 spa d | ||
| 020 | _a8420664482 | ||
| 040 |
_aDO-SdBNP _bspa _cBNPHU |
||
| 082 |
_axxxx _bxxxx |
||
| 100 | 1 |
_aRitchie, Carson I. A. _973439 |
|
| 245 | 1 | 3 |
_aLa búsqueda de las especias / _cCarson I. A. Ritchie; traducción José Gómez Borrero. |
| 260 |
_aMadrid : _bAlianza Editorial, _bGrupo Anaya, _c1994. |
||
| 300 |
_a61 p. ; _c15 p. |
||
| 490 | 1 |
_aAlianza cien _v48 |
|
| 500 | _aLibro de bolsillo | ||
| 700 | 1 |
_aGómez Borrero, José _etrad. _973440 |
|
| 830 | 0 |
_aAlianza cien _n48 _973441 |
|
| 999 |
_c44889 _d44889 |
||